| 000 | 00780nam 22002173 4500 | ||
|---|---|---|---|
| 001 | 199635 | ||
| 021 | _aPT | ||
| 090 | _a199635 | ||
| 100 | _a20251218d u||y0pory50 ba | ||
| 200 |
_aA pedagogia e o ideal republicano em João de Barros _fselecção de textos de Maria Alice Reis _gnota introdução de Joaquim Romero Magalhães |
||
| 210 |
_aLisboa _cTerra Livre _d1979 |
||
| 215 |
_a63, [1] p. _cbrochado _d21 cm |
||
| 225 | _aPortugal ontem, Portugal hoje | ||
| 606 |
_95170 _aCiências Sociais Educação |
||
| 610 | _aTeoria e política da educação--séc. 19--[Portugal] | ||
| 675 |
_a37.01/.02(469)"19" _vPT _zpor |
||
| 700 |
_915442 _aReis _bMaria Alice |
||
| 701 |
_96544 _aMagalhães _bJoaquim Romero _f1942-2018 |
||
| 801 |
_aPT _bBMMN _gRPC |
||
| 830 |
_cAna _fAna |
||
| 990 | _cLIVROS | ||